<?xml version="1.0" encoding="UTF-8" ?>
<collection xmlns="http://www.loc.gov/MARC21/slim"><record><leader>01064nam a2200253 c 4500</leader><controlfield tag="001">39928</controlfield><controlfield tag="003">CH-000273-5</controlfield><controlfield tag="005">20210128165855.0</controlfield><datafield tag="035" ind1=" " ind2=" "><subfield code="a">(OCoLC)314174546</subfield></datafield><datafield tag="040" ind1=" " ind2=" "><subfield code="a">CH-000273-5</subfield><subfield code="b">ger</subfield><subfield code="e">rda</subfield></datafield><datafield tag="041" ind1=" " ind2=" "><subfield code="a">ger</subfield></datafield><datafield tag="245" ind1="0" ind2="0"><subfield code="a">Französische Maler des XIX. Jahrhunderts</subfield><subfield code="b">Kunsthaus Zürich, 14. Mai - 6. August 1933</subfield><subfield code="c">Kunsthaus Zürich</subfield></datafield><datafield tag="250" ind1=" " ind2=" "><subfield code="a">Verzeichnis mit Einleitung und Abbildungen</subfield></datafield><datafield tag="264" ind1="0" ind2="1"><subfield code="a">[Zürich]</subfield><subfield code="b">[Kunsthaus Zürich]</subfield><subfield code="c">[1933]</subfield></datafield><datafield tag="300" ind1=" " ind2=" "><subfield code="a">14 Seiten, XVI Tafeln</subfield><subfield code="b">Illustrationen, schwarz-weiss</subfield><subfield code="c">20 cm</subfield></datafield><datafield tag="336" ind1=" " ind2=" "><subfield code="a">Text</subfield><subfield code="b">txt</subfield><subfield code="2">rdacontent</subfield></datafield><datafield tag="337" ind1=" " ind2=" "><subfield code="a">ohne Hilfsmittel zu benutzen</subfield><subfield code="b">n</subfield><subfield code="2">rdamedia</subfield></datafield><datafield tag="338" ind1=" " ind2=" "><subfield code="a">Band</subfield><subfield code="b">nc</subfield><subfield code="2">rdacarrier</subfield></datafield><datafield tag="651" ind1="0" ind2="4"><subfield code="a">Frankreich</subfield><subfield code="x">Malerei</subfield><subfield code="y">Geschichte 1800-1900</subfield><subfield code="2">gnd</subfield></datafield><datafield tag="655" ind1="0" ind2="7"><subfield code="a">Ausstellungskatalog</subfield><subfield code="x">Kunsthaus Zürich</subfield><subfield code="y">14.05.1933-06.08.1933</subfield><subfield code="z">Zürich</subfield><subfield code="2">gnd-content</subfield></datafield><datafield tag="655" ind1="0" ind2="7"><subfield code="a">Bildband</subfield><subfield code="2">gnd-content</subfield></datafield><datafield tag="710" ind1="2" ind2="0"><subfield code="a">Kunsthaus Zürich</subfield><subfield code="e">Veranstalter</subfield><subfield code="4">orm</subfield><subfield code="e">Herausgebendes Organ</subfield><subfield code="4">isb</subfield></datafield><datafield tag="852" ind1="4" ind2="0"><subfield code="a">CH-000273-5</subfield><subfield code="c">a3/Z 80:19330514</subfield></datafield><datafield tag="856" ind1="4" ind2="1"><subfield code="u">https://digital.kunsthaus.ch/viewer/image/39928/1/</subfield><subfield code="y">Kunsthaus Zürich Sammlungen online</subfield></datafield></record></collection>